[Event "TUR Cup"]
[Site "Adapazari"]
[Date "2022.03.26"]
[Round "3"]
[White "Camdereli, Gunduz"]
[Black "Efetaskin, Can"]
[Result "1/2-1/2"]
[WhiteElo "1737"]
[BlackElo "1191"]
[PlyCount "58"]
[EventDate "2022.03.25"]
[EventType "swiss"]
[EventRounds "11"]
[EventCountry "TUR"]
[SourceTitle "EXT 2023"]
[Source "ChessBase"]
[SourceDate "2022.10.05"]
[SourceVersion "1"]
[SourceVersionDate "2022.10.05"]
[SourceQuality "1"]

1. e4 Nf6 2. e5 Nd5 3. d4 d6 4. a3 g6 5. c4 Nb6 6. exd6 cxd6 7. Nf3 Bg7 8. h3 Bf5 9. b3 Nc6 10. Bb2 0-0 11. Be2 Rc8 12. 0-0 h5 13. Nbd2 a5 14. Re1 Qc7 15. Bf1 Rfe8 16. Qc1 e5 17. d5 Ne7 18. b4 axb4 19. axb4 Ra8 20. Rxa8 Rxa8 21. Ne4 Bxe4 22. Rxe4 Na4 23. Ba3 Nf5 24. c5 Bh6 25. Qc2 Nxc5 26. bxc5 Rxa3 27. c6 bxc6 28. dxc6 Ra8 29. Ra4 Rc8 1/2-1/2